Normal view
MARC view
- Gajanur, Nanditha.
Entry Personal Name
001 - CONTROL NUMBER
- control field: 55770
003 - CONTROL NUMBER IDENTIFIER
- control field: OSt
005 - DATE AND TIME OF LATEST TRANSACTION
- control field: 20240403081415.0
008 - FIXED-LENGTH DATA ELEMENTS
- fixed length control field: 240403|| aca||aabn | a|a d
040 ## - CATALOGING SOURCE
- Original cataloging agency: OSt
- Transcribing agency: OSt
100 ## - HEADING--PERSONAL NAME
- Personal name: Gajanur, Nanditha.
- Relator term: author.
670 ## - SOURCE DATA FOUND
- Source citation: Work cat.: (OSt): Gajanur, Nanditha. author., Impact and mitigation of high-frequency side-channel noise intrusion on the low-frequency performance of an inverter /, October 2022.
